000 01010nas a2200289 4500
001 BR2014002734
003 BR-BrBNA
005 20231205123945.0
007 ta
008 230509b bl.|||p| |||| 00| 00por d
040 _aBR-BrBNA
_bpor
_cBiblioteca Nacional de Agricultura
041 _a(Pt)
072 _aP35
100 1 _aCosta, M.C.G.
100 1 _aMazza, J.A.
100 1 _aVitti, G.C.
100 1 _aJorge, L.A. de C.
245 1 _aDistribuição radicular, estado nutricional e produção de colmos e de açúcar em soqueiras de dois cultivares de cana-de-açúcar em solos distintos
650 _aCANA DE AÇÚCAR
650 _aSISTEMA RADICULAR
650 _aFERTILIDADE DO SOLO
650 _aPROPRIEDADE FÍSICO-QUÍMICA
773 0 _tRevista Brasileira de Ciência do Solo (Brazil)
_xISSN 0100-0683
_g(Nov-Dec 2007), v. 31(6) p. 1503-1514
_wBR2014002734
856 4 0 _uhttp://www.scielo.br/pdf/rbcs/v31n6/27.pdf
909 _a202311
_bLúcia
_c55
_dLúcia Elande
942 _2AGRIS
_n0
_cANA
999 _c236596
_d236596